La apicultura en su aspecto económico; mercado de la miel /

Guardado en:
Autor Principal: Coscia, Adolfo A
Formato: Libro
Publicado: Pergamino : Inta, 1973
Materias:
Etiquetas: Agregar Etiqueta
Sin Etiquetas, Sea el primero en etiquetar este registro!
LEADER 00569nam a22001935a 4500
001 CEM.cems015787
008 130507s1973##################000#0#####d
005 20210811193103.0
003 CEMS
245 1 0 |a La apicultura en su aspecto económico; mercado de la miel /  |c Adolfo A Coscia, 
260 |a Pergamino :  |b Inta,  |c 1973 
300 |a 30 p. 
100 1 |a Coscia, Adolfo A 
082 0 4 |a 638.11 
653 |a Apicultura 
653 |a Jalea real 
653 |a Miel-comercialización 
653 |a Miel 
859 |a CEMS  |b BIB. CEMS - Agricultura  |h 638.11  |i C820  |p A10971.82  |t Ej.1  |v 1  |3 Vol. 1